Sketches in Lavender, Blue and Green (Record no. 231571)
[ view plain ]
| 000 -LEADER | |
|---|---|
| fixed length control field | 01266cam a22002533a 4500 |
| 001 - CONTROL NUMBER | |
| control field | 2234 |
| 003 - CONTROL NUMBER IDENTIFIER | |
| control field | PGUSA |
| 005 - DATE AND TIME OF LATEST TRANSACTION | |
| control field | 20140828083012.0 |
| 008 - FIXED-LENGTH DATA ELEMENTS--GENERAL INFORMATION | |
| fixed length control field | 000601s2000||||xxu|||||s|||||000 1 eng d |
| 040 ## - CATALOGING SOURCE | |
| Original cataloging agency | PGUSA |
| Language of cataloging | eng |
| 042 ## - AUTHENTICATION CODE | |
| Authentication code | dc |
| 050 #4 - LIBRARY OF CONGRESS CALL NUMBER | |
| Classification number | PR |
| 100 1# - MAIN ENTRY--PERSONAL NAME | |
| Personal name | Jerome, Jerome K. |
| Fuller form of name | (Jerome Klapka), |
| Dates associated with a name | 1859-1927 |
| 245 10 - TITLE STATEMENT | |
| Title | Sketches in Lavender, Blue and Green |
| Medium | [electronic resource] / |
| Statement of responsibility, etc | Jerome K. Jerome |
| 260 ## - PUBLICATION, DISTRIBUTION, ETC. (IMPRINT) | |
| Name of publisher, distributor, etc | Project Gutenberg, |
| Date of publication, distribution, etc | 2000 |
| 505 0# - FORMATTED CONTENTS NOTE | |
| Formatted contents note | Reginald Blake, financier and cad -- An item of fashionable intelligence -- Blasé Billy -- The choice of Cyril Harjohn -- The materialisation of Charles and Mivanway -- Portrait of a lady -- The man who would manage -- The man who lived for others -- A man of habit -- The absent-minded man -- A charming woman -- Whibley's spirit -- The man who went wrong -- The hobby rider -- The man who did not believe in luck -- Dick Dunkerman's cat -- The minor poet's story -- The degeneration of Thomas Henry -- The city of the sea -- Driftwood. |
| 506 ## - RESTRICTIONS ON ACCESS NOTE | |
| Terms governing access | Public domain in the USA. |
| 516 ## - TYPE OF COMPUTER FILE OR DATA NOTE | |
| Type of computer file or data note | Electronic text |
| 653 ## - INDEX TERM--UNCONTROLLED | |
| Uncontrolled term | Manners and customs -- Fiction |
| 653 ## - INDEX TERM--UNCONTROLLED | |
| Uncontrolled term | Short stories, English |
| 830 #0 - SERIES ADDED ENTRY--UNIFORM TITLE | |
| Uniform title | Project Gutenberg |
| Volume number/sequential designation | 2234 |
| 856 40 - ELECTRONIC LOCATION AND ACCESS | |
| Uniform Resource Identifier | <a href="http://www.gutenberg.org/ebooks/2234">http://www.gutenberg.org/ebooks/2234</a> |
| 942 ## - ADDED ENTRY ELEMENTS (KOHA) | |
| Koha item type | eBooks |
| Withdrawn status | Lost status | Damaged status | Home library | Current library | Date acquired | Total Checkouts | Date last seen | Price effective from | Koha item type |
|---|---|---|---|---|---|---|---|---|---|
| Project Gutenberg | Project Gutenberg | 08/28/2014 | 08/28/2014 | 08/28/2014 | eBooks |